Le capitalisme et l'Etat en France : modernisation et dirigisme au XXe siecle

Αποθηκεύτηκε σε:
Λεπτομέρειες βιβλιογραφικής εγγραφής
Κύριος συγγραφέας: Kuisel, Richard
Άλλοι συγγραφείς: Charpentier, Andre (Μεταφραστής)
Μορφή: Βιβλίο
Γλώσσα:French
Δημοσίευση: Paris : Gallimard, 1984
Σειρά:Bibliotheque des histoires
Θέματα:
Ετικέτες: Προσθήκη ετικέτας
Δεν υπάρχουν, Καταχωρήστε ετικέτα πρώτοι!

MARC

LEADER 00000nam a2200000 i 4500
001 1/2737
008 960227s1984 fre d
020 |a 2-07-070062-3 
035 |l 10014969 
040 |a GR-MY-UA  |b gre  |e aacr 
041 0 |a fre 
082 0 |a 338.944 
100 1 |a Kuisel, Richard. 
245 1 3 |a Le capitalisme et l'Etat en France :  |b modernisation et dirigisme au XXe siecle /  |c Richard F. Kuisel ; Traduit de l'anglais par Andre Charpentier ; Preface Jean-Noel Jeanneney 
260 |a Paris :   |b Gallimard,   |c 1984 
300 |a 476p. 
490 1 |a Bibliotheque des histoires 
504 |a Includes index 
651 0 |a France  |x Economic policy  |y 20th century. 
651 0 |a France  |x Economic conditions  |y 20th century. 
700 1 |a Charpentier, Andre.  |4 trl 
830 0 |a Bibliotheque des histoires 
852 |a INST  |b LESVOS  |e 19960227  |h 338.944 KUI  |p 005100007199  |q 005100007199  |t BK  |y 0 
909 |a Λ  |b 035111